|
|
|
|
| LEADER |
02338nam a2200553 4500 |
| 001 |
on1128186378 |
| 003 |
OCoLC |
| 005 |
20200326101205.0 |
| 006 |
m o d |
| 007 |
cr cnu---unuuu |
| 008 |
191121s2019 mau o 000 0 eng d |
| 040 |
|
|
|a OPELS
|b eng
|e rda
|e pn
|c OPELS
|d OCLCF
|d OHS
|d OCLCO
|d GrThAP
|
| 020 |
|
|
|a 9780128175309
|q (print)
|
| 035 |
|
|
|a (OCoLC)1128186378
|
| 050 |
|
4 |
|a QP376
|
| 082 |
0 |
4 |
|a 612.82
|2 23
|
| 245 |
0 |
0 |
|a Late aging associated changes in alcohol sensitivity, neurobehavioral function, and neuroinflammation /
|c editors, Terrence Deak, Lisa Savage.
|
| 264 |
|
1 |
|a Cambridge, MA :
|b Academic Press is an imprint of Elsevier,
|c 2019.
|
| 300 |
|
|
|a 1 online resource.
|
| 336 |
|
|
|a text
|b txt
|2 rdacontent
|
| 337 |
|
|
|a computer
|b c
|2 rdamedia
|
| 338 |
|
|
|a online resource
|b cr
|2 rdacarrier
|
| 490 |
1 |
|
|a International Review of Neurobiology ;
|v volume 148
|
| 588 |
0 |
|
|a Print version record.
|
| 650 |
|
0 |
|a Brain
|x Aging.
|
| 650 |
|
0 |
|a Nervous system
|x Degeneration.
|
| 650 |
|
0 |
|a Neurobehavioral disorders.
|
| 650 |
|
0 |
|a Inflammation.
|
| 650 |
|
0 |
|a Brain
|x Effect of chemicals on.
|
| 650 |
|
0 |
|a Alcohol
|x Physiological effect.
|
| 650 |
|
0 |
|a Nervous system
|x Diseases.
|
| 650 |
|
2 |
|a Brain.
|0 (DNLM)D001921
|
| 650 |
|
2 |
|a Nervous System Diseases.
|0 (DNLM)D009422
|
| 650 |
|
2 |
|a Ethanol.
|0 (DNLM)D000431
|
| 650 |
|
2 |
|a Inflammation.
|0 (DNLM)D007249
|
| 650 |
|
2 |
|a Aging.
|0 (DNLM)D000375
|
| 650 |
|
7 |
|a Alcohol
|x Physiological effect.
|2 fast
|0 (OCoLC)fst00804281
|
| 650 |
|
7 |
|a Brain
|x Aging.
|2 fast
|0 (OCoLC)fst00837575
|
| 650 |
|
7 |
|a Brain
|x Effect of chemicals on.
|2 fast
|0 (OCoLC)fst00837621
|
| 650 |
|
7 |
|a Inflammation.
|2 fast
|0 (OCoLC)fst00972432
|
| 650 |
|
7 |
|a Nervous system
|x Degeneration.
|2 fast
|0 (OCoLC)fst01036090
|
| 650 |
|
7 |
|a Nervous system
|x Diseases.
|2 fast
|0 (OCoLC)fst01036098
|
| 650 |
|
7 |
|a Neurobehavioral disorders.
|2 fast
|0 (OCoLC)fst01036314
|
| 655 |
|
4 |
|a Electronic books.
|
| 700 |
1 |
|
|a Deak, Terrence,
|e editor.
|
| 700 |
1 |
|
|a Savage, Lisa,
|e editor.
|
| 776 |
0 |
8 |
|i Print version:
|t Late aging associated changes in alcohol sensitivity, neurobehavioral function, and neuroinflammation
|z 9780128175309
|w (OCoLC)1124275667
|
| 830 |
|
0 |
|a International review of neurobiology ;
|v v. 148.
|
| 856 |
4 |
0 |
|3 ScienceDirect
|u https://www.sciencedirect.com/science/bookseries/00747742/148
|z Full Text via HEAL-Link
|